000 00423nam a2200157Ia 4500
003 GCL
008 140319s9999 xx 000 0 eng d
040 _aGCL /
_cGCL
082 0 4 _a612.044
_bS F
100 1 _aSMITH, BOB
245 1 0 _aFLEXIBILITY FOR SPORT: THE SKILLS OF THE GAME /
_cSMITH, BOB
260 _a[S.N] :
_bCROWOOD PRESS LTD ،
_c1994
650 0 4 _aSPORTS
650 0 4 _aFLEXIBILITY TRAINING
942 _2ddc
_cBK
999 _c25630
_d25630